00446nam a2200169Ia 450000500170000000800410001708200200005824500560007826000410013430000120017565000100018765000140019765000100021165000160022170000190023770000200025620250320024338.0240331s9999 xx 000 0 und d a302.23bBHA283 0aWomen and Media:bAnalysis, Alternatives and Action aNew Delhi,bIsis Internationalc1984 a132 p., aWomen aEducation aMedia aDevelopment aBhasin, Keedt aAgarwal, Beedt